[Event "30th WCh U20 Girls"]
[Site "Athens GRE"]
[Date "2012.08.10"]
[Round "8"]
[White "Ivekovic, Ana"]
[Black "Galunova, Tsveta"]
[Result "1-0"]
[WhiteElo "1959"]
[BlackElo "2091"]
[EventDate "2012.08.02"]
[PlyCount "127"]

1.e4 Nf6 2.e5 Nd5 3.d4 d6 4.c4 Nb6 5.exd6 cxd6 6.Nf3 g6 7.Be3 Bg7 8.Qd2 
O-O 9.Bh6 Bg4 10.h4 e5 11.Bxg7 Kxg7 12.d5 Qf6 13.Ng5 Qf4 14.Nc3 Na6 15.
Nge4 Rad8 16.b3 h6 17.f3 Bf5 18.Qf2 Bxe4 19.Nxe4 Qf5 20.g3 Qd7 21.Qb2 f5 
22.Nf2 Kh7 23.O-O-O Rc8 24.Kb1 Nc5 25.Nd3 a5 26.Nxc5 Rxc5 27.Bd3 a4 28.h5 
g5 29.g4 Kh8 30.Bxf5 Rxf5 31.gxf5 Qxf5+ 32.Qc2 Qxc2+ 33.Kxc2 a3 34.Kd3 Kg7
35.Rc1 Rc8 36.Ke3 Kf6 37.Rhd1 Kf5 38.Rd3 Rc7 39.Kd2 Kf4 40.Kc3 Nd7 41.b4 
b5 42.Kb3 bxc4+ 43.Rxc4+ Rxc4 44.Kxc4 Nb6+ 45.Kb5 e4 46.Rd4 Kxf3 47.Kxb6 
e3 48.Rd1 e2 49.Rc1 g4 50.Kc6 g3 51.b5 g2 52.b6 Kf2 53.b7 g1=Q 54.Rxg1 
Kxg1 55.b8=Q e1=Q 56.Qxd6 Qe8+ 57.Kb6 Qxh5 58.Qc5+ Kh2 59.d6 Qh3 60.Qe5+ 
Kg1 61.Qd4+ Kh2 62.d7 Qe6+ 63.Kc7 Qf7 64.Kb8 1-0

[Event "30th WCh U20 Girls"]
[Site "Athens GRE"]
[Date "2012.08.10"]
[Round "8"]
[White "Kalaydina, Regina Veronicka"]
[Black "Edes, Zsofia"]
[Result "1-0"]
[WhiteElo "1928"]
[BlackElo "2081"]
[EventDate "2012.08.02"]
[PlyCount "55"]

1.c4 Nf6 2.d4 Nc6 3.Nf3 e6 4.Nc3 Bb4 5.Qc2 d6 6.a3 Bxc3+ 7.Qxc3 h6 8.e3 a5
9.b3 Qe7 10.Bb2 d5 11.Bd3 Nh5 12.O-O f5 13.cxd5 exd5 14.Bb5 Bd7 15.Bxc6 
Bxc6 16.Ne5 Ra6 17.Ng6 Qg5 18.Nxh8 Kf8 19.e4 dxe4 20.Qc4 Be8 21.Bc1 Qg4 
22.a4 Rc6 23.Ba3+ Rd6 24.f3 exf3 25.Rxf3 Nf4 26.Rxf4 Qxf4 27.Rf1 Qg5 28.
Qxc7 1-0

[Event "30th WCh U20 Girls"]
[Site "Athens GRE"]
[Date "2012.08.10"]
[Round "8"]
[White "Lefevre, Margaux"]
[Black "Liao, Simone"]
[Result "0-1"]
[WhiteElo "2043"]
[BlackElo "1933"]
[EventDate "2012.08.02"]
[PlyCount "108"]

1.e4 e6 2.d4 d5 3.Nc3 Bb4 4.e5 Ne7 5.a3 Bxc3+ 6.bxc3 c5 7.Qg4 Qc7 8.Bd3 
cxd4 9.Ne2 dxc3 10.Qxg7 Rg8 11.Qxh7 Qxe5 12.Bf4 Qf6 13.h4 Rxg2 14.Kf1 Rg8 
15.Bg5 Qh8 16.Qxh8 Rxh8 17.Bf6 Rg8 18.h5 Nd7 19.Bxc3 f6 20.Nf4 Kf7 21.Rd1 
b6 22.Be2 Bb7 23.h6 Rgc8 24.Bh5+ Kg8 25.Bb4 Ba6+ 26.Ke1 Rc4 27.Ne2 Nf5 28.
h7+ Kh8 29.Kd2 Rac8 30.c3 Nc5 31.Bxc5 R4xc5 32.Bf7 Nd6 33.Bxe6 Ne4+ 34.Ke3
Re8 35.Nf4 Rxc3+ 36.Kd4 Rc4+ 37.Ke3 Ng5 38.Ng6+ Kg7 39.h8=Q+ Rxh8 40.Nxh8 
Re4+ 41.Kd2 Rxe6 42.Kc1 Bc4 43.f4 Nf3 44.Rh3 Re3 45.Rg3+ Kf8 46.Ng6+ Kf7 
47.a4 Ra3 48.Kb2 Rb3+ 49.Kc1 d4 50.f5 d3 51.Rg4 Rc3+ 52.Kb2 Rc2+ 53.Ka3 d2
54.Rh1 a5 0-1

[Event "30th WCh U20 Girls"]
[Site "Athens GRE"]
[Date "2012.08.10"]
[Round "8"]
[White "Vatkali, Dimitra"]
[Black "Bucar, Natasa"]
[Result "1-0"]
[WhiteElo "1936"]
[BlackElo "2022"]
[EventDate "2012.08.02"]
[PlyCount "75"]

1.d4 d5 2.c4 dxc4 3.e3 e6 4.Bxc4 Nf6 5.Nf3 c5 6.O-O a6 7.a4 Nc6 8.Nc3 Be7 
9.b3 O-O 10.Bb2 cxd4 11.exd4 Nb4 12.Re1 b6 13.Ne5 Bb7 14.Re3 Nfd5 15.Nxd5 
Nxd5 16.Rh3 Nf4 17.Rg3 Bh4 18.Rg4 Qf6 19.Qd2 Bg5 20.Qe1 Qf5 21.Rg3 Bh4 22.
Bf1 f6 23.Nd7 Rfc8 24.Nxb6 Rc2 25.Bc1 Bxg3 26.hxg3 Nh3+ 27.gxh3 Qf3 28.d5 
Qxb3 29.Qxe6+ Kh8 30.Nxa8 Bxd5 31.Qe8+ Bg8 32.Be3 Qb7 33.Bg2 Qb2 34.Rd1 
Qb3 35.Bd5 Rc8 36.Qxg8+ Rxg8 37.Bxb3 Rxa8 38.a5 1-0

[Event "30th WCh U20 Girls"]
[Site "Athens GRE"]
[Date "2012.08.10"]
[Round "8"]
[White "Serefidou, Despina"]
[Black "Frey, Alisa"]
[Result "1-0"]
[WhiteElo "1865"]
[BlackElo "2035"]
[EventDate "2012.08.02"]
[PlyCount "101"]

1.e4 e5 2.Nf3 Nc6 3.d4 exd4 4.Nxd4 Bc5 5.Nb3 Bb6 6.Nc3 d6 7.Qe2 Be6 8.Be3 
Bxe3 9.Qxe3 Nf6 10.O-O-O O-O 11.f3 a6 12.Nd4 Ne7 13.Nxe6 fxe6 14.Bc4 Qc8 
15.e5 Nfd5 16.Nxd5 Nxd5 17.Bxd5 exd5 18.Rxd5 Qe6 19.Qb3 dxe5 20.Rxe5 Qxb3 
21.axb3 Rf7 22.Rd1 Kf8 23.Rd4 Re8 24.Rxe8+ Kxe8 25.Kd2 Rf5 26.Ke3 Ke7 27.
g4 Ra5 28.Ra4 Rd5 29.Rb4 b5 30.Rd4 Rc5 31.c4 Ke6 32.f4 bxc4 33.bxc4 Ra5 
34.Ke4 Ra2 35.Rd2 a5 36.Kd3 a4 37.Kc2 a3 38.Kb1 Rxb2+ 39.Rxb2 axb2 40.Kxb2
h5 41.h3 hxg4 42.hxg4 Ke7 43.Kc3 Ke6 44.Kd4 Kd6 45.f5 Ke7 46.Ke5 Kd7 47.g5
Ke7 48.c5 Kd7 49.f6 gxf6+ 50.gxf6 c6 51.Kf5 1-0

[Event "30th WCh U20 Girls"]
[Site "Athens GRE"]
[Date "2012.08.10"]
[Round "8"]
[White "Sargsian, Shushanna"]
[Black "Dominguez, Gisella"]
[Result "1-0"]
[WhiteElo "2047"]
[BlackElo "1831"]
[EventDate "2012.08.02"]
[PlyCount "49"]

1.d4 Nf6 2.Bg5 g6 3.Bxf6 exf6 4.c4 Bg7 5.Nc3 O-O 6.g3 f5 7.Bg2 d6 8.e3 Nd7
9.Nge2 Nf6 10.O-O Re8 11.Qc2 Rb8 12.b4 c6 13.Rab1 Qe7 14.b5 cxb5 15.Nxb5 
a6 16.Nbc3 Ne4 17.Nf4 Nxc3 18.Qxc3 Be6 19.Nd5 Bxd5 20.Bxd5 Rec8 21.Rb6 g5 
22.Rfb1 Rc7 23.Rxa6 b5 24.Rc6 Rcb7 25.cxb5 1-0

[Event "30th WCh U20 Girls"]
[Site "Athens GRE"]
[Date "2012.08.10"]
[Round "8"]
[White "Koutsogiannopoulou, Theodora"]
[Black "Terzidaki, Alexandra"]
[Result "0-1"]
[WhiteElo "1897"]
[BlackElo "1958"]
[EventDate "2012.08.02"]
[PlyCount "48"]

1.d4 e6 2.c4 Nf6 3.Nf3 c5 4.d5 exd5 5.cxd5 d6 6.Nc3 g6 7.e4 Bg7 8.Be2 O-O 
9.O-O a6 10.a4 Bg4 11.Nd2 Bxe2 12.Qxe2 Re8 13.Nc4 Nxe4 14.Nxe4 f5 15.Ncxd6
Qxd6 16.Nxd6 Rxe2 17.Nxb7 Nd7 18.Be3 Bxb2 19.Ra2 c4 20.Bd4 Rd2 21.Bxb2 c3 
22.Na5 cxb2 23.Rb1 Rc8 24.Nb3 Rc1+ 0-1

[Event "30th WCh U20 Girls"]
[Site "Athens GRE"]
[Date "2012.08.10"]
[Round "8"]
[White "Unapkoshvili, Nani"]
[Black "Forsa, Elise"]
[Result "1/2-1/2"]
[WhiteElo "2011"]
[BlackElo "1836"]
[EventDate "2012.08.02"]
[PlyCount "84"]

1.d4 d5 2.c4 e6 3.Nf3 Be7 4.g3 Nf6 5.Bg2 O-O 6.O-O Nbd7 7.Qc2 b6 8.b3 Bb7 
9.Nc3 Rc8 10.Ne5 c6 11.Nxd7 Qxd7 12.Rd1 Rfd8 13.e4 dxe4 14.Nxe4 c5 15.Be3 
Qc7 16.Bf4 Bxe4 17.Bxe4 Bd6 18.Bxd6 Qxd6 19.dxc5 Qxc5 20.Bb7 Rb8 21.Qe2 h6
22.Bf3 Kf8 23.Qe3 Qc7 24.h4 Rbc8 25.g4 Nd7 26.g5 hxg5 27.hxg5 Qc5 28.Qf4 
Ne5 29.Be4 Rd4 30.Qe3 Rxd1+ 31.Rxd1 Qxe3 32.fxe3 Ke7 33.Kf2 Rh8 34.Rg1 
Rh2+ 35.Rg2 Rh4 36.Bc2 Rh3 37.Ke2 Rh1 38.Kd2 Ra1 39.a4 Rh1 40.Rg3 Rh4 41.
Kc3 Kd6 42.Bd1 Kc5 1/2-1/2

[Event "30th WCh U20 Girls"]
[Site "Athens GRE"]
[Date "2012.08.10"]
[Round "8"]
[White "Chiarion, Elisa"]
[Black "York-Andersen, Anna"]
[Result "1/2-1/2"]
[WhiteElo "1978"]
[BlackElo "1828"]
[EventDate "2012.08.02"]
[PlyCount "80"]

1.e4 c6 2.d4 d5 3.e5 c5 4.dxc5 e6 5.Be3 Ne7 6.f4 Nf5 7.Bf2 Qa5+ 8.Qd2 Qc7 
9.b4 a5 10.c3 Bd7 11.Nf3 Nc6 12.Na3 axb4 13.Nb5 Qa5 14.a3 bxc3 15.Qxc3 
Qxc3+ 16.Nxc3 Na5 17.Nb5 Bxb5 18.Bxb5+ Kd8 19.Nd2 Nc6 20.Nb3 Be7 21.O-O f6
22.Rfb1 Kc7 23.Be1 Nfd4 24.Nxd4 Nxd4 25.exf6 gxf6 26.Bf2 Bxc5 27.Rc1 Kd6 
28.Rc3 b6 29.Bf1 e5 30.fxe5+ fxe5 31.Rh3 h5 32.Kh1 Nc2 33.Ra2 Bxf2 34.Rxc2
Bc5 35.Ra2 Ra4 36.Be2 h4 37.g3 Rxa3 38.Rxa3 Bxa3 39.gxh4 e4 40.Rxa3 Rxh4 
1/2-1/2

[Event "30th WCh U20 Girls"]
[Site "Athens GRE"]
[Date "2012.08.10"]
[Round "8"]
[White "Owens, Megan"]
[Black "Lolici, Iselin-Amanda"]
[Result "1-0"]
[WhiteElo "1816"]
[BlackElo "1967"]
[EventDate "2012.08.02"]
[PlyCount "63"]

1.Nf3 g6 2.g3 Bg7 3.d4 Nf6 4.c4 d6 5.Nc3 O-O 6.Bg2 Nbd7 7.O-O e5 8.e4 Ne8 
9.Bg5 f6 10.Be3 h6 11.Nh4 exd4 12.Bxd4 Kh7 13.f4 f5 14.exf5 gxf5 15.Re1 
Nb6 16.c5 dxc5 17.Bxc5 Nd6 18.Rc1 Qf6 19.Nf3 Rd8 20.Bd4 Qf8 21.Bxg7 Qxg7 
22.Nb5 Nf7 23.Qb3 c6 24.Nc7 Rb8 25.Re7 Nd5 26.Nxd5 Rxd5 27.Ne5 Be6 28.Rxe6
Rb5 29.Qc2 Nxe5 30.Rxe5 Rxe5 31.fxe5 Qxe5 32.Rd1 1-0

[Event "30th WCh U20 Girls"]
[Site "Athens GRE"]
[Date "2012.08.10"]
[Round "8"]
[White "Kolaric, Spela"]
[Black "Tuzi, Bruna"]
[Result "1/2-1/2"]
[WhiteElo "2071"]
[BlackElo "1546"]
[EventDate "2012.08.02"]
[PlyCount "69"]

1.d4 d5 2.Nf3 Nf6 3.Bg5 e6 4.e3 Be7 5.Bd3 O-O 6.Nbd2 Nbd7 7.O-O h6 8.Bh4 
b6 9.Ne5 Nxe5 10.dxe5 Nd7 11.Bg3 Bb7 12.c3 c5 13.Qg4 Re8 14.f4 f5 15.exf6 
Bxf6 16.Nf3 d4 17.Bc4 Bxf3 18.Rxf3 Kh8 19.e4 e5 20.Bb5 exf4 21.Bxd7 Re7 
22.e5 Qxd7 23.Qxd7 Rxd7 24.exf6 fxg3 25.fxg7+ Rxg7 26.hxg3 dxc3 27.Rxc3 
Rd8 28.Rf1 Rd2 29.Rf2 Rgd7 30.Rc2 Rxf2 31.Kxf2 Kg7 32.Ke3 a6 33.Ke4 Rd4+ 
34.Ke5 Rd3 35.Kf4 1/2-1/2

[Event "30th WCh U20 Girls"]
[Site "Athens GRE"]
[Date "2012.08.10"]
[Round "8"]
[White "Medeiros, Thauane Ferreira"]
[Black "Psofimi, Milia"]
[Result "1-0"]
[WhiteElo "1855"]
[BlackElo "1437"]
[EventDate "2012.08.02"]
[PlyCount "75"]

1.d4 d5 2.e3 Bf5 3.Bd3 Bg6 4.f4 e6 5.Nf3 Bd6 6.O-O Ne7 7.Ne5 Nd7 8.Nxg6 
hxg6 9.c4 c6 10.c5 Bc7 11.Nd2 Nf5 12.Nf3 Qe7 13.b4 Nf6 14.b5 Kd7 15.a4 Ng4
16.Re1 Rh6 17.h3 Nf6 18.a5 Ng3 19.Ba3 Bxa5 20.bxc6+ bxc6 21.Ne5+ Ke8 22.
Qa4 Qc7 23.Reb1 Bc3 24.Ra2 Nfe4 25.Nxc6 Kf8 26.Bb4 Rc8 27.Nxa7 Ra8 28.Rb3 
Bxd4 29.exd4 Qxf4 30.Be1 Qe3+ 31.Kh2 Qxe1 32.Ra1 Qe3 33.Bxe4 Qxe4 34.Rxg3 
Rb8 35.Nc6 Re8 36.Qa8 Rxh3+ 37.Kxh3 Qf5+ 38.Kh2 1-0

[Event "30th WCh U20 Girls"]
[Site "Athens GRE"]
[Date "2012.08.11"]
[Round "9"]
[White "Cori Tello, Deysi"]
[Black "Goryachkina, Aleksandra"]
[Result "1-0"]
[WhiteElo "2413"]
[BlackElo "2361"]
[EventDate "2012.08.02"]
[PlyCount "89"]

1.d4 d5 2.c4 e6 3.Nf3 c6 4.Qc2 dxc4 5.Qxc4 b5 6.Qc2 Nf6 7.a4 Bb7 8.e4 b4 
9.Bg5 h6 10.Bxf6 Qxf6 11.Nbd2 Nd7 12.Nc4 Qd8 13.a5 Rc8 14.Be2 Be7 15.O-O 
O-O 16.Rfd1 Qc7 17.h3 Nf6 18.Ne3 Rfd8 19.Bc4 c5 20.d5 exd5 21.exd5 Ne8 22.
a6 Ba8 23.Re1 Nd6 24.Rad1 Bf6 25.Re2 g6 26.Ng4 Bg7 27.Nge5 Nxc4 28.Qxc4 
Rd6 29.Red2 Rcd8 30.h4 Re8 31.Qf4 Rf6 32.d6 Qb6 33.Qg4 Rfe6 34.Qf4 Rf6 35.
Qg4 Rfe6 36.Qf4 Rf6 37.Qc4 Rd8 38.d7 Re6 39.Qf4 Rf6 40.Qc4 Re6 41.Nxf7 Re4
42.Nxh6+ Kh8 43.Nf7+ Kg8 44.Nxd8+ Rxc4 45.Nb7 1-0

[Event "30th WCh U20 Girls"]
[Site "Athens GRE"]
[Date "2012.08.11"]
[Round "9"]
[White "Arabidze, Meri"]
[Black "Bulmaga, Irina"]
[Result "1-0"]
[WhiteElo "2379"]
[BlackElo "2380"]
[EventDate "2012.08.02"]
[PlyCount "69"]

1.d4 Nf6 2.c4 e6 3.Nf3 d5 4.Nc3 Be7 5.Bg5 h6 6.Bh4 O-O 7.e3 Ne4 8.Bxe7 
Qxe7 9.Rc1 c6 10.h4 Nd7 11.g4 Nxc3 12.Rxc3 e5 13.cxd5 cxd5 14.g5 e4 15.Nd2
hxg5 16.Qh5 g4 17.Qxd5 Nf6 18.Qc5 Qd8 19.Bc4 b6 20.Qg5 Qd7 21.Ke2 Bb7 22.
h5 Nh7 23.Qf4 Kh8 24.Rg1 Rac8 25.Qxg4 Qxg4+ 26.Rxg4 Nf6 27.Rg5 Kh7 28.Ra3 
a6 29.Bxa6 Bxa6+ 30.Rxa6 Rc1 31.Rxb6 Rfc8 32.h6 Kxh6 33.Nxe4 R8c2+ 34.Kf3 
Rf1 35.Rg2 1-0

[Event "30th WCh U20 Girls"]
[Site "Athens GRE"]
[Date "2012.08.11"]
[Round "9"]
[White "Ziaziulkina, Nastassia"]
[Black "Guo Qi"]
[Result "0-1"]
[WhiteElo "2342"]
[BlackElo "2358"]
[EventDate "2012.08.02"]
[PlyCount "112"]

1.e4 e6 2.d4 d5 3.Nc3 dxe4 4.Nxe4 Nd7 5.g3 Ngf6 6.Nxf6+ Nxf6 7.Bg2 e5 8.
Ne2 exd4 9.Qxd4 Qxd4 10.Nxd4 Bb4+ 11.c3 Ba5 12.O-O O-O 13.Bf4 Bb6 14.Nb5 
Ne8 15.a4 a5 16.Na3 c6 17.Nc4 Bd8 18.Rfe1 Be6 19.Bf1 Bc7 20.Bxc7 Nxc7 21.
Nb6 Rad8 22.Nc4 Bxc4 23.Bxc4 Rfe8 24.Rad1 Rxe1+ 25.Rxe1 Kf8 26.Re2 Rd1+ 
27.Kg2 Ra1 28.Bb3 Na6 29.Bc2 Nc5 30.Re5 b6 31.b4 axb4 32.cxb4 Nxa4 33.Re3 
b5 34.Bb3 Ra3 35.Kf3 c5 36.bxc5 Nxc5 37.Bd5 b4 38.Ke2 b3 39.Kd2 Ra2+ 40.
Kc1 Rxf2 41.h4 b2+ 42.Kb1 Na4 43.Be4 f5 44.Bc2 Rf1+ 45.Ka2 Ra1+ 46.Kb3 
b1=Q+ 47.Bxb1 Rxb1+ 48.Kxa4 g6 49.h5 Kg7 50.hxg6 hxg6 51.g4 Kf6 52.gxf5 
gxf5 53.Re8 f4 54.Ka3 Kf5 55.Ka2 Rb7 56.Rf8+ Kg4 0-1

[Event "30th WCh U20 Girls"]
[Site "Athens GRE"]
[Date "2012.08.11"]
[Round "9"]
[White "Bodnaruk, Anastasia"]
[Black "Aulia, Medina Warda"]
[Result "1-0"]
[WhiteElo "2414"]
[BlackElo "2218"]
[EventDate "2012.08.02"]
[PlyCount "85"]

1.e4 e6 2.d3 d5 3.Nd2 c5 4.Ngf3 Nc6 5.g3 Nf6 6.Bg2 Be7 7.O-O O-O 8.e5 Nd7 
9.Re1 Qc7 10.Qe2 b6 11.Nf1 Ba6 12.h4 Rac8 13.c3 Rfd8 14.h5 h6 15.Bf4 d4 
16.c4 b5 17.b3 Nb6 18.a4 bxa4 19.bxa4 Nb4 20.a5 Nxc4 21.dxc4 d3 22.Qd2 
Bxc4 23.Bxh6 gxh6 24.Qxh6 Bd5 25.N1d2 Bf8 26.Qg5+ Kh8 27.Qf6+ Bg7 28.Qf4 
Bxf3 29.h6 Bxg2 30.hxg7+ Kxg7 31.Kxg2 Qc6+ 32.f3 Kf8 33.Rh1 Nd5 34.Qg5 Ke8
35.Rh7 Ne7 36.Ne4 Ng6 37.Nf6+ Ke7 38.Qxg6 Rf8 39.Qg5 Qb5 40.Nd5+ Kd7 41.
Qe7+ Kc6 42.Qd6+ Kb7 43.a6+ 1-0

[Event "30th WCh U20 Girls"]
[Site "Athens GRE"]
[Date "2012.08.11"]
[Round "9"]
[White "Kashlinskaya, Alina"]
[Black "Petrova, Irina"]
[Result "1-0"]
[WhiteElo "2391"]
[BlackElo "2173"]
[EventDate "2012.08.02"]
[PlyCount "91"]

1.d4 Nf6 2.c4 g6 3.Nc3 Bg7 4.e4 d6 5.Nf3 O-O 6.Be2 e5 7.O-O Nc6 8.d5 Ne7 
9.b4 Ne8 10.c5 f5 11.Nd2 Nf6 12.Ba3 f4 13.Nc4 b5 14.Nxb5 Nxe4 15.Rc1 a6 
16.Nxc7 Qxc7 17.cxd6 Nxd6 18.b5 axb5 19.Nxd6 Qd8 20.Qb3 Ba6 21.Bxb5 Bxb5 
22.Nxb5 Kh8 23.Nc7 Rb8 24.Qh3 Rf7 25.Ne6 Qxd5 26.Ng5 Bf6 27.Nxf7+ Qxf7 28.
Rc7 Re8 29.Qd7 f3 30.g3 g5 31.Qg4 Qxa2 32.Qxf3 Qe6 33.Rd1 e4 34.Qh5 Rb8 
35.Bxe7 Bxe7 36.Qe2 Rf8 37.Rdd7 Rf7 38.Qe3 h6 39.Rd4 Qa2 40.Rxe4 Bf8 41.
Rxf7 Qxf7 42.h4 gxh4 43.Rxh4 Bg7 44.Qd3 Kg8 45.Rc4 Qb7 46.Qf5 1-0

[Event "30th WCh U20 Girls"]
[Site "Athens GRE"]
[Date "2012.08.11"]
[Round "9"]
[White "Iordanidou, Zoi"]
[Black "Wang Jue"]
[Result "1/2-1/2"]
[WhiteElo "2166"]
[BlackElo "2355"]
[EventDate "2012.08.02"]
[PlyCount "161"]

1.e4 c5 2.Nf3 d6 3.d3 Nc6 4.g3 Nf6 5.Bg2 g6 6.O-O Bg7 7.Nbd2 d5 8.Re1 O-O 
9.c3 e5 10.Qc2 h6 11.Nf1 Be6 12.exd5 Nxd5 13.Ne3 Nb6 14.Qe2 Re8 15.Nc4 Bf5
16.Rd1 Qd7 17.Be3 Rad8 18.Ne1 Bf8 19.Nxb6 axb6 20.a3 Nd4 21.Qf1 Nb3 22.
Rab1 b5 23.Bf3 Qc7 24.Be4 Bxe4 25.dxe4 Qc6 26.f3 c4 27.Nc2 Bc5 28.Qe2 Qb6 
29.Bxc5 Qxc5+ 30.Kg2 Kg7 31.Nb4 Qc8 32.Qe3 Re6 33.Rd5 Red6 34.Rbd1 Qc7 35.
Kf1 b6 36.Kg2 Nc5 37.Kf1 Rxd5 38.Rxd5 Rxd5 39.Nxd5 Qd6 40.Ke2 Qe6 41.g4 f5
42.h3 Na4 43.Qd2 fxg4 44.fxg4 h5 45.Qg5 hxg4 46.Nc7 Qd7 47.Qxe5+ Kh6 48.
Qh8+ Kg5 49.h4+ Kf4 50.Nd5+ Kg3 51.Qf6 Kh3 52.Qf2 g3 53.Nf4+ Kxh4 54.Nxg6+
Kg5 55.Qxg3+ Qg4+ 56.Qxg4+ Kxg4 57.Ke3 Nxb2 58.Kd4 Nd1 59.Ne7 Kf3 60.Nd5 
Nf2 61.e5 Ne4 62.e6 Nd6 63.Ke5 Ne8 64.e7 Ke2 65.Nf6 Ng7 66.Nd5 Kd3 67.Kf6 
Ne8+ 68.Kf7 Nd6+ 69.Ke6 Ne8 70.Kd7 Ng7 71.Nf4+ Kxc3 72.Ne6 Nh5 73.Kc6 Nf6 
74.Kxb5 Kd3 75.Nf4+ Kd4 76.Kxb6 Ke3 77.Kc5 Kxf4 78.Kxc4 Ke5 79.Kc5 Ke6 80.
Kc6 Kxe7 81.a4 1/2-1/2

[Event "30th WCh U20 Girls"]
[Site "Athens GRE"]
[Date "2012.08.11"]
[Round "9"]
[White "Kulkarni, Bhakti Pradip"]
[Black "Vojinovic, Jovana"]
[Result "1/2-1/2"]
[WhiteElo "2159"]
[BlackElo "2337"]
[EventDate "2012.08.02"]
[PlyCount "110"]

1.d4 e6 2.e4 d5 3.Nd2 c5 4.c3 Nc6 5.Ngf3 Nf6 6.e5 Nd7 7.Bd3 Be7 8.O-O g5 
9.Qe2 h5 10.dxc5 g4 11.Nd4 Ndxe5 12.Nxc6 Nxc6 13.c4 Qc7 14.cxd5 exd5 15.b4
Nxb4 16.Bb2 Rh6 17.Bb5+ Nc6 18.Nb3 a6 19.Ba4 Be6 20.Be5 Qd7 21.Nd4 Kf8 22.
Qd2 Rg6 23.Nxe6+ Qxe6 24.Bb2 Bg5 25.Qd3 Qe4 26.Qd1 Qb4 27.Rb1 Qxc5 28.Bc2 
Rh6 29.Bc1 d4 30.Bxg5 Qxg5 31.Rxb7 Rd8 32.f4 Qc5 33.Bd3 Rf6 34.Rf2 Nb4 35.
g3 Re8 36.a3 Nxd3 37.Qxd3 Qc1+ 38.Rf1 Qe3+ 39.Qxe3 Rxe3 40.Rd7 Rb6 41.Rxd4
Rxa3 42.Rd2 Rb5 43.Rc1 h4 44.gxh4 Ra4 45.Rf2 Rh5 46.Kg2 Ra3 47.Rc8+ Kg7 
48.f5 Rf3 49.Ra2 Rhxf5 50.Rxa6 Rh3 51.Raa8 Rxh4 52.Kg3 Rfh5 53.Rg8+ Kf6 
54.Ra6+ Ke7 55.Ra7+ Kf6 1/2-1/2

[Event "30th WCh U20 Girls"]
[Site "Athens GRE"]
[Date "2012.08.11"]
[Round "9"]
[White "Schut, Lisa"]
[Black "Sihite, Chelsie Monica"]
[Result "0-1"]
[WhiteElo "2305"]
[BlackElo "2162"]
[EventDate "2012.08.02"]
[PlyCount "50"]

1.e4 e5 2.Nf3 Nc6 3.Bb5 f5 4.Nc3 fxe4 5.Nxe4 Nf6 6.Qe2 d5 7.Nxf6+ gxf6 8.
d4 Bg7 9.dxe5 O-O 10.e6 Re8 11.O-O Qd6 12.Bxc6 bxc6 13.Nd4 c5 14.Qh5 Bxe6 
15.Nxe6 Rxe6 16.Qf3 Re4 17.g3 Rae8 18.Bf4 Qb6 19.b3 c6 20.h4 Qa6 21.Rac1 
Qc8 22.Kg2 Qe6 23.h5 f5 24.Rh1 Re2 25.Be3 Qxe3 0-1

[Event "30th WCh U20 Girls"]
[Site "Athens GRE"]
[Date "2012.08.11"]
[Round "9"]
[White "De Seroux, Camille"]
[Black "Kulon, Klaudia"]
[Result "0-1"]
[WhiteElo "2101"]
[BlackElo "2259"]
[EventDate "2012.08.02"]
[PlyCount "136"]

1.e4 c5 2.Nf3 Nc6 3.Nc3 Nf6 4.d4 cxd4 5.Nxd4 d6 6.Bg5 Qa5 7.Bxf6 gxf6 8.
Qd2 Nxd4 9.Qxd4 Bd7 10.O-O-O Rc8 11.Kb1 Rg8 12.f4 f5 13.e5 e6 14.Be2 d5 
15.g4 Bc5 16.Qd3 fxg4 17.Qxh7 Rf8 18.Bxg4 Qb6 19.Rd3 Bb4 20.Qh3 Qc6 21.
Rhd1 a5 22.f5 Be7 23.Rf1 Kd8 24.fxe6 fxe6 25.Rxf8+ Bxf8 26.Qg2 Kc7 27.h4 
Kb8 28.Qd2 Bb4 29.a3 Bf8 30.Ne2 Qb6 31.Nd4 Rc4 32.h5 Ka7 33.h6 Bxh6 34.
Qxh6 Rxd4 35.Rb3 Qc5 36.Qe3 Rc4 37.Qxc5+ Rxc5 38.Rh3 Rc4 39.Bf3 Rf4 40.Bd1
Bb5 41.Kc1 Re4 42.Rh5 Kb6 43.Kd2 Kc5 44.Bf3 Rf4 45.Ke3 Rf7 46.c3 Bd7 47.
Bg4 Rg7 48.Bh3 Kc4 49.Rh6 Re7 50.Rf6 Kb3 51.Rf2 Rg7 52.Kd4 b6 53.Rf6 Re7 
54.Rf2 Rh7 55.Bg4 Rh4 56.Rg2 Bb5 57.Ke3 Bf1 58.Bd1+ Ka2 59.Rf2 Re4+ 60.Kd2
Bc4 61.Kc1 Bb3 62.Bh5 Rxe5 63.Bg6 Re1+ 64.Kd2 Rg1 65.Bh7 Kxb2 66.Re2 Rd1+ 
67.Ke3+ Kxc3 68.Kf4 d4 0-1

[Event "30th WCh U20 Girls"]
[Site "Athens GRE"]
[Date "2012.08.11"]
[Round "9"]
[White "Semenova, Elena"]
[Black "Abdulla, Khayala"]
[Result "1/2-1/2"]
[WhiteElo "2134"]
[BlackElo "2217"]
[EventDate "2012.08.02"]
[PlyCount "70"]

1.e4 c5 2.Nf3 e6 3.d4 cxd4 4.Nxd4 Nc6 5.Nc3 Qc7 6.Be2 a6 7.Be3 Nf6 8.a3 
Be7 9.f4 d6 10.g4 Nxd4 11.Qxd4 e5 12.Qd2 Nxg4 13.Bxg4 Bxg4 14.Rg1 Bh4+ 15.
Bf2 Bxf2+ 16.Qxf2 h5 17.fxe5 dxe5 18.h3 Bxh3 19.Nd5 Qd6 20.Rxg7 O-O-O 21.
Rd1 Kb8 22.Qxf7 Rd7 23.Rg8+ Rxg8 24.Qxg8+ Rd8 25.Qg3 Bg4 26.Rd3 Re8 27.Kd2
Qh6+ 28.Qe3 Qxe3+ 29.Rxe3 Rf8 30.Rg3 Rf2+ 31.Kd3 b5 32.a4 Kb7 33.axb5 axb5
34.Ne3 Rf4 35.Nd5 Rf2 1/2-1/2

[Event "30th WCh U20 Girls"]
[Site "Athens GRE"]
[Date "2012.08.11"]
[Round "9"]
[White "Varga, Klara"]
[Black "Khaled, Mouna"]
[Result "1-0"]
[WhiteElo "2181"]
[BlackElo "2121"]
[EventDate "2012.08.02"]
[PlyCount "77"]

1.c4 Nf6 2.Nc3 g6 3.g3 Bg7 4.Bg2 O-O 5.e3 c6 6.Nge2 d5 7.cxd5 cxd5 8.d4 
Nc6 9.Nf4 e6 10.O-O b6 11.b3 Ba6 12.Re1 Qe7 13.a4 Rfc8 14.Ba3 Qd7 15.Rc1 
Rc7 16.e4 dxe4 17.d5 Nd4 18.dxe6 fxe6 19.Nxe4 Rxc1 20.Bxc1 Nxe4 21.Bxe4 
Rd8 22.Qg4 Bb7 23.Bb2 Bxe4 24.Rxe4 Nf5 25.Bxg7 Qxg7 26.Rxe6 Qa1+ 27.Kg2 
Rd1 28.Ne2 Rh1 29.Qc4 Qf1+ 30.Kf3 Kg7 31.Qc7+ Kh6 32.Qf4+ Kg7 33.Qe5+ Kg8 
34.Qf6 Nd4+ 35.Qxd4 Rxh2 36.Qd8+ Kg7 37.Qf6+ Kh6 38.Qf4+ Kg7 39.Re7+ 1-0

[Event "30th WCh U20 Girls"]
[Site "Athens GRE"]
[Date "2012.08.11"]
[Round "9"]
[White "Pavlidou, Ekaterini"]
[Black "Sargsian, Shushanna"]
[Result "0-1"]
[WhiteElo "2237"]
[BlackElo "2047"]
[EventDate "2012.08.02"]
[PlyCount "64"]

1.d4 d5 2.c4 c6 3.Nf3 Nf6 4.Nc3 e6 5.Bg5 dxc4 6.e4 b5 7.e5 h6 8.Bh4 g5 9.
Nxg5 hxg5 10.Bxg5 Nbd7 11.exf6 Bb7 12.g3 c5 13.d5 Bh6 14.Bxh6 Rxh6 15.Qd2 
Qxf6 16.O-O-O Kf8 17.f4 Nb6 18.Ne4 Qg7 19.g4 Nxd5 20.g5 Rh4 21.Bg2 Qd4 22.
Qxd4 cxd4 23.Nc5 Bc6 24.Rxd4 Rc8 25.Re1 Rxf4 26.Rd2 Nb4 27.Bh3 Bd5 28.Nd7+
Kg7 29.Nf6 Rh8 30.Bg4 Nd3+ 31.Rxd3 cxd3 32.Nxd5 Rxg4 0-1

[Event "30th WCh U20 Girls"]
[Site "Athens GRE"]
[Date "2012.08.11"]
[Round "9"]
[White "Batkovskyte, Dominyka"]
[Black "Osmak, Yulia"]
[Result "0-1"]
[WhiteElo "2096"]
[BlackElo "2171"]
[EventDate "2012.08.02"]
[PlyCount "152"]

1.d4 d5 2.c4 c6 3.Nc3 Nf6 4.e3 a6 5.Nf3 b5 6.b3 Bg4 7.Be2 e6 8.O-O Nbd7 9.
Bb2 Be7 10.h3 Bh5 11.Ne5 Bxe2 12.Nxe2 Qb6 13.cxd5 cxd5 14.Rc1 O-O 15.Qc2 
b4 16.Qc7 Qb5 17.Nxd7 Nxd7 18.Ng3 Rfd8 19.Rfe1 Bf8 20.e4 Nb6 21.Qf4 Rac8 
22.Qg5 dxe4 23.Nxe4 Qxg5 24.Nxg5 Nd5 25.Rxc8 Rxc8 26.Rc1 Rxc1+ 27.Bxc1 Nc3
28.Bb2 Bd6 29.Kf1 Bf4 30.Nf3 Nxa2 31.Ke2 Bc1 32.Ba1 Ba3 33.Kd2 f6 34.Kc2 
Nc1 35.Nd2 Ne2 36.g3 Kf7 37.Ne4 Ke7 38.Nc5 Ng1 39.h4 Nh3 40.f4 Nf2 41.Kd2 
Nh1 42.g4 Nf2 43.g5 a5 44.Ke2 Ng4 45.Nd3 Kd6 46.Kf3 h5 47.Nc5 Kd5 48.Nd7 
Bc1 49.Nb6+ Kc6 50.Nc4 Nh2+ 51.Kg2 Bxf4 52.Nxa5+ Kd5 53.Nb7 fxg5 54.hxg5 
Ng4 55.g6 Bd2 56.Bb2 Bc3 57.Bc1 Bxd4 58.Kh3 Bf6 59.Bd2 Nf2+ 60.Kg2 Bc3 61.
Be3 Ng4 62.Bg5 Ne5 63.Na5 Nxg6 64.Nc4 Ne5 65.Ne3+ Ke4 66.Nf1 Be1 67.Be7 
Nc6 68.Bc5 Nd4 69.Ng3+ Bxg3 70.Kxg3 Nxb3 71.Bxb4 g5 72.Be7 Kf5 73.Bb4 e5 
74.Kf2 Kf4 75.Bd6 g4 76.Kg2 h4 0-1

[Event "30th WCh U20 Girls"]
[Site "Athens GRE"]
[Date "2012.08.11"]
[Round "9"]
[White "Rodriguez Rueda, Paula Andrea"]
[Black "Manelidou, Maria"]
[Result "1-0"]
[WhiteElo "2196"]
[BlackElo "2056"]
[EventDate "2012.08.02"]
[PlyCount "79"]

1.d4 f5 2.Bg5 g6 3.h4 Bg7 4.e3 Nf6 5.Bd3 d6 6.Nd2 e5 7.dxe5 dxe5 8.e4 f4 
9.h5 h6 10.Bxf6 Qxf6 11.hxg6 Qxg6 12.Ngf3 Be6 13.Nh4 Qf7 14.Be2 O-O 15.Bg4
Nc6 16.Bxe6 Qxe6 17.Nf5 Rxf5 18.exf5 Qxf5 19.c3 Kh8 20.Qb3 Rd8 21.O-O-O 
Rd6 22.Nc4 Rg6 23.Qxb7 Qe6 24.Qb5 Rxg2 25.Qc5 e4 26.Rhg1 Rg5 27.Rxg5 hxg5 
28.Qd5 Qxd5 29.Rxd5 g4 30.Rh5+ Kg8 31.Rg5 Kf7 32.Rxg4 Bh6 33.Kd1 Kf6 34.
Rg8 Ne7 35.Re8 Bg5 36.Nd2 Kf5 37.Ra8 Nd5 38.Rxa7 e3 39.Ra5 Ke6 40.c4 1-0